| 000 | 01050nam a2200289 i 4500 | ||
|---|---|---|---|
| 001 | bg | ||
| 100 | 1 | _aMICHALSKI, Tomasz | |
| 245 | 1 | 0 |
_aMatematyka w ubezpieczeniach : _bjak to wszystko policzyć? / _cTomasz Michalski, Krystyna Twardowska, Barbara Tylutki. |
| 260 |
_aWarszawa : _b"Placet", _c2005. |
||
| 300 |
_a255, [12] s. ; _c24 cm + _eCD ROM. |
||
| 500 | _aNa s. tyt. i okł. podtyt.: "zastoswanie arkusza Excel i własnych makr dla rachunku aktuarialnego, 25 użytecznych makr na CD". | ||
| 504 | _aBibliogr. - Indeks. | ||
| 650 | 9 | _aMatematyka finansowa | |
| 650 | 9 |
_aUbezpieczenia osobowe _xmatematyka |
|
| 650 | 9 |
_aExcel _xstosowanie |
|
| 655 | _aPodręczniki | ||
| 700 | 1 | _aTWARDOWSKA, Krystyna | |
| 700 | 1 | _aTYLUTKI, Barbara | |
| 020 | _a8385428925 | ||
| 040 | _cBPK | ||
| 041 | 0 | _apol | |
| 080 | _a368.91+336:51:004.42](07) | ||
| 920 | _a83-85428-92-5 | ||
| 942 | _cKS | ||
| 008 | s pl f |000 0 pol | ||
| 999 |
_c46203 _d46203 |
||
| 856 |
_uhttp://koha.tu.koszalin.pl/cgi-bin/koha/opac-detail.pl?biblionumber=46203 _yKatalog online BPK |
||